000 00512nam a22002057a 4500
005 20251108174530.0
008 250721s2000 xx 000 0 eng d
020 _a1844229378
082 1 4 _aJ/F/HEI
100 1 _aLEPLAR, ANNA C
_eIllus.
245 1 0 _aHeidi /
264 1 _aLONDON :
_bLADYBIRD BOOKS,
_c(2000-).
300 _a43.p
490 0 _aread it yourself
_v4
650 1 7 _aSTORIES
650 1 7 _aCHILDREN
653 _aناشاون صغار (10-14) سنه
942 _2ddc
_cBK
999 _c111581
_d111581